Culture Générale - Série 488 - Statistiques

Statistiques générales
  • Ce quiz a été pris 174 fois
  • Le résultat moyen est 5 sur 10
Statistiques - réponses
Question Réponse % Correct
En 1965, dans quel film une nounou danse‐t‐elle avec des ramoneurs sur les toits de Londres ? Mary Poppins
81%
Au cinéma, dans quel dessin animé O'Malley fait‐il du jazz sur les toits de Paris ? Les Aristochats
74%
Qui incarne Ali Baba dans "Ali Baba et les 40 voleurs" de Jacques Becker en 1954 ? Fernandel
57%
De quelle ville Raymond Barre est‐il élu maire en 1995 ? Lyon
57%
Quel marin des "Mille et Une Nuits" accomplit sept merveilleux voyages ? Sindbad
53%
Quelle fonction gouvernementale musulmane le père de Shéhérazade occupe‐t‐il à la cour du roi ? Vizir
51%
Dans quelle ville réside le calife des "Mille et Une Nuits" Harun al‐Rachid ? Bagdad
48%
En 1995, qui succède à Jacques Chirac à la tête de la mairie de Paris ? Jean Tiberi
32%
Quel peintre français d'origine russe réalise des lithographies en couleur des "Mille et Une Nuits" dès 1946 ? Marc Chagall
26%
Dans "Vertigo" d'Alfred Hitchcock, quel comédien joue John Ferguson qui a le vertige depuis qu'un de ses amis est tombé d'un toit ? James Stewart
24%
Aucun quiz correspondant
Distribution des résultats
% des personnes avec chaque résultat
Percentile par nombre de réponses
Votre historique - résultats
Vous n’avez pas pris ce quiz